000 01815nam0a2200421 4500
001 RU\NLR\bibl\353887
005 20250621154513.0
010 _a5-88998-322-9
_9100
021 _aRU
_b2002-49698
_92404
035 _a(NLR Aleph) 000348575
090 _a261496
_c261496
100 _a20021219d2002 |||y0rusy50 ca
101 0 _arus
102 _aRU
105 _aa |||||||||
200 1 _aОсновы анатомии и физиологии
_eУчеб. пособие
_fВ. В. Буняев
_gМ-во образования Рос. Федерации, Юж.-Рос. гос. техн. ун-т (Новочеркас. политехн. ин-т)
210 _aНовочеркасск
_cЮРГТУ
_d2002
215 _a107 с.
_cил.
_d21
320 _aБиблиогр.: с. 105
606 0 _aАнатомия человека
_jРуководства, пособия и т.п.
_9966434
_3RU\NLR\auth\6642901
606 0 _aЧеловек
_jУчебные издания для высшей школы
_xАнатомия
_92080069
_3RU\NLR\auth\661255980
606 0 _aФизиология человека
_jРуководства, пособия и т.п.
_91144826
_3RU\NLR\auth\66137757
606 0 _aЧеловек
_jУчебные издания для высшей школы
_xФизиология
_92080066
_3RU\NLR\auth\661255977
610 0 _aАнатомия
610 0 _aФизиология
675 _a611/612(075.8)
_v3
_zrus
686 _a34.41
_2rugasnti
686 _a28.70я73
_2rubbk
686 _aЕ860я73
686 _aЕ903я73
700 1 _aБуняев
_bВ. В.
_gВиктор Владимирович
_4070
801 0 _aRU
_bRKP
_c20021219
_gPSBO
801 1 _aRU
_bRKP
_c20021219
801 2 _aRU
_bNLR
_c20030207
_grcr
942 _cBOOK
980 _aNB
980 _aNBR